Statistics for Famous People from Maine

Click here to take the quiz!

General Stats

  • This quiz has been taken 820 times
  • The average score is 4 of 9

Answer Stats

ClueHometownMainer% Correct
World's most famous horror writerDurhamStephen King
97%
President with a summer home in MaineKennebunkportGeorge H.W. Bush
75%
"Charlotte's Web" authorBrooklinE.B. White
40%
He was McDreamyBuckfieldPatrick Dempsey
37%
"Paul Revere's Ride" and "The Song of Hiawatha" poetPortlandHenry Wadsworth
Longfellow
33%
"The Breakfast Club" and "Suddenly Susan" actorPortlandJudd Nelson
23%
4x Oscar Best Director for films such as "The Grapes of Wrath"PortlandJohn Ford
19%
Fabled moderate Republican of the Senate, 1995-2013AuburnOlympia Snowe
17%
19th century painter known for landscapes and
maritime subjects
ScarboroughWinslow Homer
12%

Score Distribution

Percentile by Number Answered

Percent of People with Each Score

Your Score History

You have not taken this quiz